<?xml version="1.0" encoding="UTF-8"?>
<record
    xmlns:xsi="http://www.w3.org/2001/XMLSchema-instance"
    xsi:schemaLocation="http://www.loc.gov/MARC21/slim http://www.loc.gov/standards/marcxml/schema/MARC21slim.xsd"
    xmlns="http://www.loc.gov/MARC21/slim">

  <leader>00595nam a2200193   4500</leader>
  <controlfield tag="003">SEACOMEC</controlfield>
  <controlfield tag="005">20241029122438.0</controlfield>
  <controlfield tag="008">231006b        |||||||| |||| 00| 0 eng d</controlfield>
  <datafield tag="020" ind1=" " ind2=" ">
    <subfield code="a">  9781558602861</subfield>
    <subfield code="c">395.00</subfield>
  </datafield>
  <datafield tag="040" ind1=" " ind2=" ">
    <subfield code="a">SEACOMEC</subfield>
  </datafield>
  <datafield tag="082" ind1=" " ind2=" ">
    <subfield code="b">A425</subfield>
    <subfield code="a">005.453 </subfield>
  </datafield>
  <datafield tag="100" ind1="1" ind2=" ">
    <subfield code="a">Allen, Randy</subfield>
  </datafield>
  <datafield tag="245" ind1="1" ind2=" ">
    <subfield code="a">Optimizing compilers for modern architectures</subfield>
    <subfield code="b">a dependence-based approach/ </subfield>
    <subfield code="c">Randy Allen and Ken Kennedy</subfield>
  </datafield>
  <datafield tag="260" ind1=" " ind2=" ">
    <subfield code="a">New Delhi</subfield>
    <subfield code="b">Elsevier</subfield>
    <subfield code="c">2005</subfield>
  </datafield>
  <datafield tag="300" ind1=" " ind2=" ">
    <subfield code="a">790 p. : ill. ; 25 cm</subfield>
  </datafield>
  <datafield tag="650" ind1=" " ind2=" ">
    <subfield code="a"> Computer architecture </subfield>
    <subfield code="v">|Optimizing compilers</subfield>
  </datafield>
  <datafield tag="700" ind1="1" ind2=" ">
    <subfield code="a">Kennedy, Ken </subfield>
  </datafield>
  <datafield tag="942" ind1=" " ind2=" ">
    <subfield code="c">BOOK</subfield>
  </datafield>
  <datafield tag="952" ind1=" " ind2=" ">
    <subfield code="0">0</subfield>
    <subfield code="1">0</subfield>
    <subfield code="2">ddc</subfield>
    <subfield code="4">0</subfield>
    <subfield code="7">0</subfield>
    <subfield code="a">SEACOMEC</subfield>
    <subfield code="b">SEACOMEC</subfield>
    <subfield code="d">2006-08-03</subfield>
    <subfield code="l">0</subfield>
    <subfield code="o"> 005.453  A425</subfield>
    <subfield code="p">5133</subfield>
    <subfield code="r">2024-10-29 12:27:49</subfield>
    <subfield code="w">2024-10-29</subfield>
    <subfield code="y">BOOK</subfield>
  </datafield>
  <datafield tag="952" ind1=" " ind2=" ">
    <subfield code="0">0</subfield>
    <subfield code="1">0</subfield>
    <subfield code="2">ddc</subfield>
    <subfield code="4">0</subfield>
    <subfield code="7">0</subfield>
    <subfield code="a">SEACOMEC</subfield>
    <subfield code="b">SEACOMEC</subfield>
    <subfield code="d">2006-08-03</subfield>
    <subfield code="l">0</subfield>
    <subfield code="o"> 005.453  A425</subfield>
    <subfield code="p">7494</subfield>
    <subfield code="r">2024-10-29 12:27:49</subfield>
    <subfield code="t">1</subfield>
    <subfield code="w">2024-10-29</subfield>
    <subfield code="y">BOOK</subfield>
  </datafield>
  <datafield tag="952" ind1=" " ind2=" ">
    <subfield code="0">0</subfield>
    <subfield code="1">0</subfield>
    <subfield code="2">ddc</subfield>
    <subfield code="4">0</subfield>
    <subfield code="7">0</subfield>
    <subfield code="a">SEACOMEC</subfield>
    <subfield code="b">SEACOMEC</subfield>
    <subfield code="d">2006-08-03</subfield>
    <subfield code="l">0</subfield>
    <subfield code="o"> 005.453  A425</subfield>
    <subfield code="p">7495</subfield>
    <subfield code="r">2024-10-29 12:27:49</subfield>
    <subfield code="t">2</subfield>
    <subfield code="w">2024-10-29</subfield>
    <subfield code="y">BOOK</subfield>
  </datafield>
  <datafield tag="952" ind1=" " ind2=" ">
    <subfield code="0">0</subfield>
    <subfield code="1">0</subfield>
    <subfield code="2">ddc</subfield>
    <subfield code="4">0</subfield>
    <subfield code="7">0</subfield>
    <subfield code="a">SEACOMEC</subfield>
    <subfield code="b">SEACOMEC</subfield>
    <subfield code="d">2006-08-03</subfield>
    <subfield code="l">0</subfield>
    <subfield code="o"> 005.453  A425</subfield>
    <subfield code="p">7496</subfield>
    <subfield code="r">2024-10-29 12:27:49</subfield>
    <subfield code="t">3</subfield>
    <subfield code="w">2024-10-29</subfield>
    <subfield code="y">BOOK</subfield>
  </datafield>
  <datafield tag="999" ind1=" " ind2=" ">
    <subfield code="c">165</subfield>
    <subfield code="d">165</subfield>
  </datafield>
</record>
